000 00758nam a2200181Ia 4500
008 100921s9999 xx 000 0 und d
082 _b37334
_a796 न 03
100 _aसहस्त्रबुध्दे नरेंद्र,महात्मे रविंद्र.
245 _aवास्तुरहस्य.
260 _bमेहता प्रकाशन, पुणे.
_c2003
300 _a166
_bमयुरेष बुक एजन्सी,कराड
365 _b120
520 _aकला-वास्तुशिल्पकला.
630 _aवास्तुरहस्य.
650 _aकला-वास्तुशिल्पकला.
730 _aवास्तुरहस्य.
942 _cBOOK
999 _c786447
_d786444